| 000 | 00351nam a2200121Ia 4500 | ||
|---|---|---|---|
| 008 | 210430s9999 xx 000 0 und d | ||
| 082 | _a374D576 I | ||
| 100 |
_aAnwar Dil _9360 |
||
| 245 |
_aIntercultural Learning My Students at U.S.International University _cAnwar Dil |
||
| 260 |
_aCalifornia _bLinguistic _c2004 |
||
| 300 | _a552p | ||
| 942 |
_cBK _2ddc |
||
| 999 |
_c563155 _d563155 |
||